Представление документа в формате RUSMARC

ПолеНазваниеЗначение
  Тип записи a
  Библиографический уровень m
001 Контрольный номер 562fa4dcedba463a96db4325733e291a
005 Дата корректировки 20231215122406.5
010 Индекс ISBN __
a ISBN 978-5-907628-12-0
b Уточнения в пер.
d Цена 1028-82
100 Данные общей обработки __
a Данные общей обработки 20230606d2022 cd y0rusy028902 ca
101 Язык документа 0_
a Язык текста rus
102 Страна публикации __
a Страна публикации RU
105 Кодированные данные (монография) __
a Кодированные данные (монография) a z 000yc
181 Поле кодированных данных: вид содержания _0
a Код вида содержания (ISBD) i
182 Поле кодированных данных: тип средства _0
a Код типа средства (ISBD) n
200 Заглавие и сведения об ответственности 1_
a Заглавие Святая царская семья
e Сведения, относящиеся к заглавию художественно-историческая книга для детей и взрослых : для детей дошкольных и школьных возрастных групп
f Первые сведения об ответственности Мария Максимова ; художник Виктория Китавина
203 Вид содержания и тип средства __
a Вид содержания Текст
c Тип средства непосредственный
210 Выходные данные 1_
a Место издания Москва
c Издательство Никея
d Дата издания 2022
215 Физическое описание __
a Объем 51, [2] с.
c Иллюстрации/тип воспроизводства цв. ил.
d Формат 25 см
225 Серия 2_
a Серия Никея детям
330 Аннотация __
a Аннотация Эта книга о верности и любви, сделавших жизнь последнего российского императора, его супруги и детей поистине святой. Два уровня текста, художественный и пояснительный, иллюстрации помогут взрослым и детям ощутить дух ушедшей эпохи, и именно в ней увидеть жизнь царской семьи, родителей и родственников царя Николая II, его окружения и подданных. Да и всю Россию. Увидеть ее накануне великих испытаний и в их горниле, испытаний, в которых святые Николай, Александра, Ольга, Татьяна, Мария, Анастасия и Алексей явили не только пример любви друг к другу, но и к своему народу, и к своей Родине.
600 Персоналии _0
a Персоналии (Фамилия) Николай
c Дополнение к имени император российский
f Даты 1868-1918
2 Код системы nlr_sh
d Римские цифры II
600 Персоналии _1
2 Код системы nlr_sh
a Персоналии (Фамилия) Романовы
c Дополнение к имени династия
600 Персоналии _0
2 Код системы nlr_sh
a Персоналии (Фамилия) Александра Федоровна
f Даты 1872-1918
c Дополнение к имени императрица российская
606 Тематические рубрики __
a Основная рубрика История
2 Код системы nlr_sh
606 Тематические рубрики __
a Основная рубрика Россия в XVIII в. - 1917 г.
2 Код системы nlr_sh
610 Ключевые слова 0_
a Ключевые слова биографии
610 Ключевые слова 0_
a Ключевые слова императоры
610 Ключевые слова 0_
a Ключевые слова царские семьи
610 Ключевые слова 0_
a Ключевые слова святые
610 Ключевые слова 0_
a Ключевые слова императрицы
610 Ключевые слова 0_
a Ключевые слова царские дети
610 Ключевые слова 0_
a Ключевые слова история России
610 Ключевые слова 0_
a Ключевые слова детская литература
610 Ключевые слова 0_
a Ключевые слова познавательная литература
686 Индексы других классификаций __
2 Код системы rubbks
a Классификационный индекс мл63.3(2)
700 Автор _1
a Фамилия Максимова
b Имя М. Г.
f Даты 1960-
g Полное личное имя Мария Глебовна
4 Код отношения 070
702 Вторичная интеллектуальная ответственность _1
a Фамилия Китавина
b Имя В.
4 Код отношения 440
g Полное личное имя Виктория
801 Источник записи _0
a Страна RU
b Организация Муниципальное бюджетное учреждение культуры "Централизованная библиотечная система" г. Сургут (Центральная городская библиотека им. А. С. Пушкина)
c Дата составления 20230606
g Правила каталогизации PSBO
801 Источник записи _1
a Страна RU
b Организация Муниципальное бюджетное учреждение культуры "Централизованная библиотечная система" г. Сургут (Центральная городская библиотека им. А. С. Пушкина)
c Дата составления 20230606
g Правила каталогизации PSBO
852 Данные о местонахождении __
j Шифр хранения мл63.3(2)
i Авторский знак М 17
900 Макрообъекты __
a Макрообъекты Святая царская семья. Максимова М. Г., 2022
901 Тип документа __
t Тип документа m
a Ответственный КиК/Котельникова
903 Характеристики (МАРС) __
a Дата передачи 20230606
c Наименование библиотеки (МАРС) Муниципальное бюджетное учреждение культуры "Централизованная библиотечная система" г. Сургут (Центральная городская библиотека им. А. С. Пушкина)
969 Тип издания __
a Тип издания издание для детей
990 Данные о заказе (DOS) __
j Количество экземпляров (DOS) 1
t N записи в КСУ для И/У (DOS) 202307